000 00689nam a22001937a 4500
999 _c175667
_d175667
005 20200914125912.0
010 _aENG-128429
020 _c499.00
_a9789389604726
035 _aEN-111961
037 _bDBAD/PUB
082 _a599.756
100 _aNasir, Syead Wahabuddin
245 _aTiger: The Soul of the Wild/
_cAuthored by Syead Wahabuddin Nasir and co-authored by D K Paul
260 _aChennai
_bBUUKS
_c2019
270 _aJVL Plaza, 4th Floor, 501, Anna Salai Teynampet,
_bChennai
_e600 018
_k044-4992727
_mhello@buuks.com
300 _axx;196p.
_c21cm(pbk)
_bPictures
500 _aIncludes Glossary, Bibliography and Index
942 _2ddc
_cEN
_h599.756
_mNAS